LOC Classification - B - Statistics

General Stats
  • This quiz has been taken 3 times
  • The average score is 11 of 15
Answer Stats
Subclass Answer % Correct
BQ Buddhism
100%
BR Christianity
100%
BP Islam, Bahaism, Theosophy, etc.
100%
BM Judaism
100%
B Philosophy (General)
100%
BF Psychology
100%
BL Religions, Mythology, Rationalism
100%
BH Aesthetics
50%
BX Christian Denominations
50%
BT Doctrinal Theology
50%
BJ Ethics
50%
BC Logic
50%
BV Practical Theology
50%
BS The Bible
50%
BD Speculative philosophy
0%
No matching quizzes found
Score Distribution
Percent of People with Each Score
Percentile by Number Answered
Your Score History
You have not taken this quiz